| 000 | 02056nam a2200397 c 4500 | ||
|---|---|---|---|
| 003 | BLK | ||
| 005 | 20180422114032.0 | ||
| 008 | 180410b bul|||||r ||||||| ||bul|| | ||
| 010 | _aKNG00172684000 | ||
| 040 | _aBLK | ||
| 041 |
_aBUL _cBUL |
||
| 080 |
_aРуска литература _b821.161.1 _x(081) _z821.161.1(081) |
||
| 080 |
_aРуска литература _b821.161.1 _x-32 _z821.161.1-32 |
||
| 080 |
_aРуска литература _b821.161.1 _x-93-31 _z821.161.1-93-31 |
||
| 080 |
_aРуска литература _b821.161.1 _x-31 _z821.161.1-31 |
||
| 100 | 1 |
_aГрин, Александър Степанович _eпърви автор _9328218 |
|
| 700 | 1 |
_aВихров, В. _eс предг. от _9336610 |
|
| 700 | 1 |
_aГеоргиева, Жела _eсъстав. _gВладимирова, Жела Георгиева _9366397 |
|
| 700 | 1 |
_aТерзиев, Петър _eхудож. _9379451 |
|
| 700 | 1 |
_aХаджиева, Елка _eпрев. на том _9367886 |
|
| 139 |
_aГрин, Александър Степанович _bГ 84 |
||
| 245 | 1 | 0 |
_aИзбрани произведения _bТ. 1-4 _cАлександър Степанович Грин; с предг. от В. Вихров; състав. Жела Георгиева; худож. Петър Терзиев; прев. на том Елка Хаджиева. _nТ. 4 _pКоменданта на пристанището |
| 257 | _aSUN | ||
| 260 |
_аСофия _bОтечество _c1984 |
||
| 300 | _c22 см | ||
| 380 | _aX | ||
| 505 |
_g _r _tРазкази |
||
| 505 |
_gРоман _r _tПът за никъде |
||
| 505 |
_g _r _tАвтобиографична повест |
||
| 760 | 1 |
_aГрин, Александър Степанович _d1985 _h376 с. : с ил. , портр. _nДруги прев. : Л. Илиева, С. Борисова _tТ. 4 Коменданта на пристанището |
|
| 852 | _aЦб 128292 | ||
| 856 | 4 |
_qpdf _u |
|
| 856 | 4 |
_qpdf _u |
|
| 942 |
_cKNG _n0 |
||
| 944 |
_aCR _c09.03.2015 _kТеодора_Стоянова |
||
| 944 |
_aED _c20.09.2017 _kСевдалина_Василева |
||
| 999 |
_c165106 _d165106 |
||